| 000 | 00537nam a22001817a 4500 | ||
|---|---|---|---|
| 003 | 0 | ||
| 005 | 20231117115007.0 | ||
| 008 | 231117b xxu||||| |||| 00| 0 eng d | ||
| 020 | _a978-621-8179-15-8 | ||
| 050 |
_aG 155 _b.Ar74 2022 |
||
| 100 | _aArenas, Chester Dave | ||
| 245 |
_aTourism & hospitality marketing _c Chester Dave Arenas |
||
| 260 |
_aManila _bEDRIC Publishing House _cc2022. |
||
| 300 |
_a104 pages ; _c25 cm. |
||
| 504 | _aIncludes bibliographical references. | ||
| 650 | _aTourism--marketing. | ||
| 942 |
_2lcc _cBK |
||
| 999 |
_c365621 _d365621 |
||